[Event "Kimry op 52nd"]
[Site "Kimry"]
[Date "2010.06.11"]
[Round "3"]
[White "Khamko, Kristina"]
[Black "Markov, Mikhail"]
[Result "0-1"]
[WhiteElo "1547"]
[BlackElo "1853"]
[PlyCount "112"]
[EventDate "2010.06.10"]
[EventType "swiss"]
[EventRounds "7"]
[EventCountry "RUS"]
[SourceTitle "CBM 136 Extra"]
[Source "ChessBase"]
[SourceDate "2010.07.02"]
[SourceVersion "2"]
[SourceVersionDate "2010.07.15"]
[SourceQuality "1"]

1. e4 e5 2. Nf3 Nc6 3. Bc4 Nf6 4. Nc3 Bb4 5. d3 h6 6. Bd2 0-0 7. a3 Bc5 8. h3 d6 9. 0-0 Be6 10. Bxe6 fxe6 11. b4 Bb6 12. Be3 Nd7 13. Bxb6 axb6 14. Ne2 Qf6 15. b5 Ne7 16. c4 Ng6 17. Ng3 Nf4 18. Kh2 Rf7 19. Ne2 Nxg2 20. Kxg2 Qxf3+ 21. Kh2 Nc5 22. Ng3 Qxd3 23. Qxd3 Nxd3 24. Kg2 Ra4 25. f3 Rxc4 26. Ra2 Rc1 27. Rxc1 Nxc1 28. Rc2 Nd3 29. Rc3 Nc5 30. Rc1 Rf8 31. Ne2 Ra8 32. Ra1 Ra4 33. Kf2 Kf7 34. Nc3 Rd4 35. Ne2 g5 36. Rc1 Nd3+ 37. Ke3 Nxc1 38. Ng3 Rd3+ 39. Kf2 Rxa3 40. Nf1 Nd3+ 41. Ke2 Nf4+ 42. Kf2 Nxh3+ 43. Kg3 Ng1 44. Nh2 Rb3 45. Kf2 Nh3+ 46. Kg3 Nf4 47. Nf1 Rxb5 48. Ne3 Rc5 49. Nd1 b5 50. Ne3 b4 51. Kf2 b3 52. Nd1 Rc1 53. Nc3 b2 54. Kg3 b1Q 55. Kf2 Rh1 56. Kg3 Qg1# 0-1

[Event "Kimry op 51st"]
[Site "Kimry"]
[Date "2010.04.19"]
[Round "6"]
[White "Vrkoch, Ludmila"]
[Black "Markov, Mikhail"]
[Result "0-1"]
[WhiteElo "1707"]
[BlackElo "1853"]
[PlyCount "68"]
[EventDate "2010.04.17"]
[EventType "swiss"]
[EventRounds "8"]
[EventCountry "RUS"]
[SourceTitle "CBM 136 Extra"]
[Source "ChessBase"]
[SourceDate "2010.07.02"]
[SourceVersion "2"]
[SourceVersionDate "2010.07.15"]
[SourceQuality "1"]

1. Nf3 d5 2. d4 c6 3. Nc3 e6 4. Bf4 f5 5. e3 Nf6 6. h3 Be7 7. Bd3 0-0 8. Qd2 Bb4 9. a3 Ba5 10. h4 Ne4 11. b4 Nxd2 12. Kxd2 Bc7 13. Bg5 Qe8 14. h5 h6 15. Bf4 Bxf4 16. exf4 Nd7 17. Nh4 Qxh5 18. Nf3 Qg4 19. Ne2 Nf6 20. Ne5 Qxg2 21. f3 Ne4+ 22. Kc1 Nf2 23. Rg1 Nxd3+ 24. cxd3 Qxe2 25. Rb1 Qe3+ 26. Kc2 Qxf4 27. Ng6 Qh2+ 28. Kc3 Re8 29. Rb2 Qxg1 30. Ne5 a5 31. Ng6 axb4+ 32. Kxb4 Qxd4+ 33. Kb3 Qxd3+ 34. Ka2 Rxa3# 0-1

[Event "Kimry op 51st"]
[Site "Kimry"]
[Date "2010.04.18"]
[Round "3"]
[White "Markov, Mikhail"]
[Black "Loev, Dmitrii"]
[Result "1/2-1/2"]
[WhiteElo "1853"]
[BlackElo "1541"]
[PlyCount "100"]
[EventDate "2010.04.17"]
[EventType "swiss"]
[EventRounds "8"]
[EventCountry "RUS"]
[SourceTitle "CBM 136 Extra"]
[Source "ChessBase"]
[SourceDate "2010.07.02"]
[SourceVersion "2"]
[SourceVersionDate "2010.07.15"]
[SourceQuality "1"]

1. d4 g6 2. e3 Bg7 3. c3 d5 4. f4 Nf6 5. Nf3 Bf5 6. Be2 Nc6 7. 0-0 0-0 8. Bd2 e6 9. Be1 a6 10. Bh4 Qe8 11. Ne5 Ne4 12. Nd2 Nxd2 13. Qxd2 f6 14. Nd3 e5 15. fxe5 fxe5 16. Rae1 Bxd3 17. Bxd3 e4 18. Be2 Qd7 19. c4 Kh8 20. cxd5 Qxd5 21. b3 Rxf1+ 22. Rxf1 Rf8 23. Rxf8+ Bxf8 24. Bc4 Qf5 25. Qf2 Qxf2+ 26. Kxf2 Nb4 27. a3 Nc2 28. a4 c6 29. Bf6+ Bg7 30. Bxg7+ Kxg7 31. Be6 Na1 32. Kg3 Kf6 33. Bg8 Kg7 34. Bc4 b5 35. axb5 axb5 36. Be6 Nc2 37. Kf4 Kf6 38. Bd7 Nb4 39. Kxe4 Ke7 40. Bg4 Kd6 41. h4 h5 42. Bf3 Nd5 43. Kd3 Ne7 44. g4 Kc7 45. gxh5 gxh5 46. Ke4 Ng6 47. Bxh5 Nxh4 48. b4 Ng2 49. Kd3 Kd6 50. Be8 Ne1+ 1/2-1/2

[Event "Kimry op 51st"]
[Site "Kimry"]
[Date "2010.04.17"]
[Round "1"]
[White "Markov, Mikhail"]
[Black "Volkov, Ilya"]
[Result "1-0"]
[WhiteElo "1853"]
[BlackElo "2140"]
[PlyCount "55"]
[EventDate "2010.04.17"]
[EventType "swiss"]
[EventRounds "8"]
[EventCountry "RUS"]
[SourceTitle "CBM 136 Extra"]
[Source "ChessBase"]
[SourceDate "2010.07.02"]
[SourceVersion "2"]
[SourceVersionDate "2010.07.15"]
[SourceQuality "1"]

1. d4 b6 2. e3 Bb7 3. c3 Nf6 4. f4 e6 5. Nf3 d6 6. Be2 Be7 7. 0-0 0-0 8. Bd2 Nbd7 9. Be1 c5 10. Bg3 Ne4 11. Qe1 d5 12. Nbd2 Nxd2 13. Qxd2 c4 14. Ne5 Nf6 15. Bf3 b5 16. Qe1 Ne8 17. Bg4 Nd6 18. f5 Ne4 19. fxe6 fxe6 20. Bxe6+ Kh8 21. Nf7+ Rxf7 22. Bxf7 g6 23. Be5+ Bf6 24. Bxf6+ Nxf6 25. Qh4 Ne4 26. Qh6 Qe7 27. Bxg6 Qe6 28. Qxh7# 1-0

[Event "Kimry op Nov"]
[Site "Kimry"]
[Date "2009.11.29"]
[Round "7"]
[White "Markov, Mikhail"]
[Black "Loev, Dmitrii"]
[Result "1/2-1/2"]
[WhiteElo "2250"]
[BlackElo "1472"]
[PlyCount "46"]
[EventDate "2009.11.21"]
[EventType "swiss"]
[EventRounds "8"]
[EventCountry "RUS"]
[SourceTitle "EXT 2011"]
[Source "ChessBase"]
[SourceDate "2010.11.26"]
[SourceVersion "1"]
[SourceVersionDate "2010.11.26"]
[SourceQuality "1"]

1. e4 d5 2. exd5 Nf6 3. Bc4 Nxd5 4. Bxd5 Qxd5 5. Qf3 Qxf3 6. Nxf3 Nc6 7. d3 Bg4 8. Ng5 h6 9. Ne4 0-0-0 10. Be3 Nd4 11. Na3 e6 12. Kd2 Bf5 13. f3 Bxe4 14. fxe4 a6 15. Nc4 f6 16. a4 e5 17. Rab1 f5 18. exf5 Nxf5 19. Rhf1 Nxe3 20. Kxe3 Bc5+ 21. Kd2 e4 22. Ne5 Rhe8 23. Nc4 exd3 1/2-1/2

[Event "Kimry op Nov"]
[Site "Kimry"]
[Date "2009.11.28"]
[Round "6"]
[White "Kapranov, Vladimir"]
[Black "Markov, Mikhail"]
[Result "1-0"]
[WhiteElo "1888"]
[BlackElo "2250"]
[PlyCount "71"]
[EventDate "2009.11.21"]
[EventType "swiss"]
[EventRounds "8"]
[EventCountry "RUS"]
[SourceTitle "EXT 2011"]
[Source "ChessBase"]
[SourceDate "2010.11.26"]
[SourceVersion "1"]
[SourceVersionDate "2010.11.26"]
[SourceQuality "1"]

1. d4 d5 2. c4 c6 3. cxd5 cxd5 4. Nc3 Nf6 5. Nf3 Nc6 6. Bf4 Bg4 7. e3 e6 8. Be2 Be7 9. 0-0 0-0 10. Rc1 a6 11. a3 Rc8 12. b4 b5 13. Nd2 Bxe2 14. Qxe2 Nd7 15. Nb3 Nb6 16. Nc5 Bxc5 17. dxc5 Nc4 18. Ra1 e5 19. Bg3 f5 20. f4 exf4 21. Bxf4 Re8 22. Qd3 d4 23. exd4 Qxd4+ 24. Qxd4 Nxd4 25. Rad1 Nc6 26. Nd5 a5 27. Nb6 Nxb6 28. cxb6 Re7 29. bxa5 Nxa5 30. Bc7 g6 31. Rfe1 Kf8 32. Bd6 Rce8 33. Bxe7+ Rxe7 34. Rd8+ Kf7 35. Rxe7+ Kxe7 36. Ra8 1-0

[Event "Kimry op Nov"]
[Site "Kimry"]
[Date "2009.11.21"]
[Round "2"]
[White "Doronine, Vladimir"]
[Black "Markov, Mikhail"]
[Result "0-1"]
[WhiteElo "1945"]
[BlackElo "2250"]
[PlyCount "88"]
[EventDate "2009.11.21"]
[EventType "swiss"]
[EventRounds "8"]
[EventCountry "RUS"]
[SourceTitle "EXT 2011"]
[Source "ChessBase"]
[SourceDate "2010.11.26"]
[SourceVersion "1"]
[SourceVersionDate "2010.11.26"]
[SourceQuality "1"]

1. Nf3 Nc6 2. g3 e5 3. d3 d5 4. Bg2 Bd6 5. 0-0 Nf6 6. c4 dxc4 7. dxc4 Be6 8. Qc2 Qe7 9. Na3 h6 10. b4 e4 11. c5 exf3 12. cxd6 cxd6 13. Bxf3 Nd4 14. Qd3 Nb3 15. Bb2 Nxa1 16. Bxa1 Rb8 17. Rd1 d5 18. Bc3 0-0 19. Nb5 a6 20. Nd4 Rfc8 21. Qe3 Rc7 22. b5 Bh3 23. Qxe7 Rxe7 24. bxa6 bxa6 25. Nc6 Rbe8 26. Nxe7+ Rxe7 27. e3 Rc7 28. Bxf6 gxf6 29. Bxd5 Rc3 30. Ra1 a5 31. Bg2 Bf5 32. h4 Kg7 33. Bd5 Bd7 34. Kg2 f5 35. Kf3 Rc2 36. Rb1 Rd2 37. Bc4 Bc6+ 38. Kf4 Rxf2+ 39. Ke5 Rf3 40. Re1 Rxg3 41. Kxf5 Rh3 42. Kg4 Bd7+ 43. Kh5 Rg3 44. Be2 Bf5 0-1

[Event "Kimry-ch"]
[Site "Kimry"]
[Date "2009.01.06"]
[Round "8"]
[White "Markov, Mikhail"]
[Black "Kudrin, Vladimir1111"]
[Result "1/2-1/2"]
[WhiteElo "1930"]
[BlackElo "1992"]
[PlyCount "148"]
[EventDate "2009.01.02"]
[EventType "swiss"]
[EventRounds "9"]
[EventCountry "RUS"]
[SourceTitle "EXT 2010"]
[Source "ChessBase"]
[SourceDate "2010.11.25"]
[SourceVersion "1"]
[SourceVersionDate "2010.11.25"]
[SourceQuality "1"]

1. e4 e5 2. Nf3 d6 3. Nc3 c6 4. Bc4 Be7 5. h3 Nd7 6. d3 b5 7. Bb3 Nc5 8. Be3 Ne6 9. 0-0 Nf6 10. Ne2 0-0 11. Qd2 Qc7 12. Nc3 a6 13. a3 Re8 14. Rfe1 Bf8 15. Bg5 Nxg5 16. Nxg5 Re7 17. f4 h6 18. Nf3 Be6 19. fxe5 dxe5 20. Ba2 Rd8 21. Ne2 Bxa2 22. Rxa2 Red7 23. Ng3 g6 24. Rf1 Bg7 25. Raa1 Nh7 26. Rae1 Nf8 27. Ra1 Ne6 28. Ne2 Kh7 29. Nh2 h5 30. Rab1 a5 31. Kh1 f6 32. Nf3 Rf7 33. Nh4 a4 34. Qe1 Qe7 35. Qg3 Nf8 36. Rf2 Qe6 37. Ra1 Rdd7 38. Nc3 Bh6 39. Ne2 Rde7 40. Kg1 f5 41. exf5 gxf5 42. Qf3 f4 43. Qxh5 Rf6 44. Qf3 Rg7 45. Qe4+ Kh8 46. Kh2 Nh7 47. Nf3 Re7 48. d4 exd4 49. Qxe6 Rfxe6 50. Nexd4 Rf6 51. Re2 Re3 52. Rae1 Nf8 53. c3 Nd7 54. Nc2 Rxe2 55. Rxe2 Nc5 56. Rd2 Kh7 57. Nb4 Bf8 58. Kh1 Kh6 59. Ne5 Kh5 60. Nd7 Nxd7 61. Rxd7 Bxb4 62. cxb4 Kh4 63. Kh2 Kg5 64. Rd3 Kf5 65. h4 Kg4 66. Rh3 Rh6 67. h5 Rxh5 68. Rxh5 Kxh5 69. Kh3 Kg5 70. g4 fxg3 71. Kxg3 Kf5 72. Kf3 Ke5 73. Ke3 Kd5 74. Kd3 Ke5 1/2-1/2

[Event "Kimry op"]
[Site "Kimry"]
[Date "2008.01.27"]
[Round "3"]
[White "Lashkov, Vladimir"]
[Black "Markov, Mikhail"]
[Result "1-0"]
[WhiteElo "1984"]
[BlackElo "1970"]
[PlyCount "55"]
[EventDate "2008.01.26"]
[EventType "swiss"]
[EventRounds "9"]
[EventCountry "RUS"]
[SourceTitle "EXT 2011"]
[Source "ChessBase"]
[SourceDate "2010.11.26"]
[SourceVersion "1"]
[SourceVersionDate "2010.11.26"]
[SourceQuality "1"]

1. d4 d5 2. e3 Nf6 3. Bd3 Nc6 4. f4 Bg4 5. Nf3 e6 6. 0-0 Bd6 7. Nbd2 0-0 8. c3 Nd7 9. Qb3 Rb8 10. Qc2 h6 11. h3 Bxf3 12. Nxf3 Ne7 13. Ne5 c5 14. Qe2 c4 15. Bc2 Bxe5 16. fxe5 f6 17. exf6 Rxf6 18. Bd2 Qb6 19. Be1 Qxb2 20. Bh7+ Kxh7 21. Qxb2 Rxf1+ 22. Kxf1 Rf8+ 23. Kg1 b6 24. Qa3 Nf5 25. Bf2 a5 26. g4 Nxe3 27. Bxe3 Rf3 28. Re1 1-0

[Event "Kimry op"]
[Site "Kimry"]
[Date "2008.01.26"]
[Round "1"]
[White "Golebev, Andrey"]
[Black "Markov, Mikhail"]
[Result "0-1"]
[WhiteElo "1996"]
[BlackElo "1970"]
[PlyCount "114"]
[EventDate "2008.01.26"]
[EventType "swiss"]
[EventRounds "9"]
[EventCountry "RUS"]
[SourceTitle "EXT 2011"]
[Source "ChessBase"]
[SourceDate "2010.11.26"]
[SourceVersion "1"]
[SourceVersionDate "2010.11.26"]
[SourceQuality "1"]

1. d4 d5 2. c4 c6 3. Nc3 Nf6 4. Bf4 Bf5 5. Qb3 Qc8 6. e3 e6 7. cxd5 exd5 8. Nf3 Nbd7 9. h3 Be7 10. Rc1 0-0 11. Be2 h6 12. g4 Be6 13. Nb5 Nc5 14. dxc5 cxb5 15. Qxb5 Bd7 16. Qb3 Bxc5 17. Bd6 Ne4 18. Bxc5 Nxc5 19. Qxd5 Nd3+ 20. Qxd3 Qxc1+ 21. Bd1 Rfd8 22. Qc2 Qxc2 23. Bxc2 Bb5 24. Nd4 Rac8 25. Bd1 Ba6 26. b4 Bc4 27. a3 b5 28. h4 g6 29. h5 Kg7 30. a4 a6 31. hxg6 fxg6 32. a5 Re8 33. Bf3 Re7 34. Rg1 Bd5 35. Bd1 Rc4 36. g5 h5 37. Kd2 Rxb4 38. Bxh5 Rb2+ 39. Kc1 Rxf2 40. Bg4 Rg2 41. Rxg2 Bxg2 42. Be2 Rxe3 43. Kd2 Ra3 44. Ne6+ Kf7 45. Nf4 Be4 46. Bg4 Bf5 47. Bd1 Rxa5 48. Kc3 Ra1 49. Bb3+ Kg7 50. Ne2 Rh1 51. Kb4 Rh5 52. Ka5 Bc8 53. Ng3 Rxg5 54. Ne4 Re5 55. Nd6 Be6 56. Bc2 Bc4 57. Ne8+ Rxe8 0-1

[Event "Kimry op"]
[Site "Kimry"]
[Date "2008.01.26"]
[Round "2"]
[White "Markov, Mikhail"]
[Black "Shidlovski, Yuri"]
[Result "0-1"]
[WhiteElo "1970"]
[BlackElo "2046"]
[PlyCount "106"]
[EventDate "2008.01.26"]
[EventType "swiss"]
[EventRounds "9"]
[EventCountry "RUS"]
[SourceTitle "EXT 2011"]
[Source "ChessBase"]
[SourceDate "2010.11.26"]
[SourceVersion "1"]
[SourceVersionDate "2010.11.26"]
[SourceQuality "1"]

1. e4 c5 2. f4 d6 3. Nc3 Nc6 4. Bb5 Bd7 5. Nf3 Nf6 6. d3 a6 7. Bxc6 Bxc6 8. Be3 Ng4 9. Bd2 e6 10. h3 Nf6 11. 0-0 Be7 12. Be3 Qc7 13. a3 Rd8 14. Qd2 0-0 15. Bf2 d5 16. e5 Ne8 17. Bg3 g6 18. Bh4 Bxh4 19. Nxh4 Ng7 20. Rae1 b6 21. d4 Rc8 22. Qe3 Bd7 23. Nf3 Nf5 24. Qf2 Bb5 25. Nxb5 axb5 26. dxc5 bxc5 27. Ng5 h6 28. Nf3 d4 29. Rc1 Kg7 30. c3 d3 31. c4 Qc6 32. Rfd1 Rfd8 33. Ne1 Rd4 34. Rxd3 bxc4 35. Rdc3 Qd5 36. Qf3 Rd8 37. Qxd5 exd5 38. Rf3 Rd2 39. Rc2 Rxc2 40. Nxc2 Rb8 41. Rf2 Rxb2 42. Na1 c3 43. a4 Ne7 44. a5 Nc6 45. a6 d4 46. f5 gxf5 47. Rxf5 d3 48. Rf1 d2 49. Rd1 c2 50. Nxc2 Rxc2 51. Kh2 c4 52. Kg3 c3 53. Kf2 Rc1 0-1